Téka. A földet vonzó költő. [Kovács András Ferenc: Költözködés

Elmentve itt :
Bibliográfiai részletek
Szerző: SIMÓ Márton
Adatforrás:Meister
Forrásdokumentuma:Korunk. -
6 sz., 1995, 120-121 p.
Nyelv:magyar
Kulcsszavak:irodalomkritika-recenzió
KOVÁCS András Ferenc (KAF)
LEADER 00419nab a2200133 i 4500
001 bibPRO00009093
008 060524s1995 xx hun
040 |a Sz1 
041 |a hun 
100 1 |a SIMÓ Márton 
245 1 0 |a Téka. A földet vonzó költő. [Kovács András Ferenc: Költözködés  |c SIMÓ Márton 
695 |a irodalomkritika-recenzió 
695 |a KOVÁCS András Ferenc (KAF) 
773 0 |t Korunk. -  |g 6 sz., 1995, 120-121 p.